00558 2200229 4500001002100000005001700021008004100038035002400079082000800103090001500111100001200126245005100138250001100189260002500200300002500225650002000250700001000270850001200280980001500292985000600307999001500313YOGYA-0209000006941520090227093224.0 ind  0010-020900000069415 a813 a813bBay B aBAYA, S aBukan sekedar gilacS. Baya ; ilustrasi, Gerdi aCet. 1 aBandungbRosdac1985 a210 hlmbilusc18 cm aFiksi Indonesia aGerdi aYOPDYOG a27-03-2008 a1 a99B0030891